NBA Top 15 Selling Jersey 2014-15 - Statistics

General Stats
  • This quiz has been taken 12,842 times
  • The average score is 10 of 15
Answer Stats
Rank Name % Correct
1 LeBron James
99%
2 Stephen Curry
96%
4 Kevin Durant
91%
12 Russell Westbrook
84%
3 Kobe Bryant
81%
9 Dwyane Wade
71%
7 Tim Duncan
66%
6 Kyrie Irving
64%
15 Chris Paul
63%
8 Carmelo Anthony
55%
5 Derrick Rose
52%
10 Blake Griffin
48%
14 Dirk Nowitzki
46%
11 Damian Lillard
40%
13 John Wall
32%
No matching quizzes found
Score Distribution
Percent of People with Each Score
Percentile by Number Answered
Your Score History
You have not taken this quiz